The wild side : Werd science /

Zapisane w:
Opis bibliograficzny
1. autor: Billings, Henry
Kolejni autorzy: Billings, Melissa
Format: Sách giấy
Język:Vietnamese
Wydane: U.S.A : Jamestow, 1996
Etykiety: Dodaj etykietę
Nie ma etykietki, Dołącz pierwszą etykiete!
Thư viện lưu trữ: Thư viện Trường Đại học Đà Lạt
LEADER 00659nam a2200289 4500
001 DLU060057074
005 ##20061201
040 # # |a DLU  |b vie 
041 # # |a vie 
044 # # |a vn 
082 # # |a 591  |b BI-H 
100 # # |a Billings, Henry 
245 # # |a The wild side :  |b Werd science /  |c Henry Billings, Melissa Billings 
260 # # |a U.S.A :  |b Jamestow,  |c 1996 
300 # # |a 114 tr. ;  |c 22 cm 
700 # # |a Billings, Melissa 
923 # # |a 30/2006 
992 # # |a 6000 
994 # # |a DLU 
900 # # |a True 
911 # # |a Đào Thị Thu Huyền 
925 # # |a G 
926 # # |a A 
927 # # |a SH 
980 # # |a Thư viện Trường Đại học Đà Lạt